| 000 | 00609nam a2200253Ia 4500 | ||
|---|---|---|---|
| 008 | 171120s9999 xx 000 0 und d | ||
| 020 | _a9712711501 | ||
| 050 | _a959.9 | ||
| 050 | _bO151 2001 | ||
| 100 | _aOcampo, Ambeth R. | ||
| 245 | _aMeaning and history : | ||
| 245 | _bthe Rizal lectures / | ||
| 245 | _cby Ambeth R. Ocampo. | ||
| 260 | _aPhilippines : | ||
| 260 | _bAnvil, | ||
| 260 | _c2001 | ||
| 300 | _a121 pages : | ||
| 300 | _billustrations ; | ||
| 300 | _c20cm. | ||
| 650 | _aPhilippines -- | ||
| 650 | _aRizal, Jose -- 1861-1896. | ||
| 650 | _xHistory. | ||
| 700 | _aTitle. | ||
| 999 |
_c345305 _d345305 |
||